Focus: residential (Record no. 116982)
[ view plain ]
| 000 -LEADER | |
|---|---|
| fixed length control field | 01452cam a2200265 4500 |
| 001 - CONTROL NUMBER | |
| control field | ABS67434 |
| 008 - FIXED-LENGTH DATA ELEMENTS--GENERAL INFORMATION | |
| fixed length control field | 040203n2004 000 0 eng u |
| 035 ## - SYSTEM CONTROL NUMBER | |
| System control number | (Sirsi) u124985 |
| 245 ## - TITLE STATEMENT | |
| Title | Focus: residential |
| 260 ## - PUBLICATION, DISTRIBUTION, ETC. | |
| Date of publication, distribution, etc. | 2004 |
| 490 ## - SERIES STATEMENT | |
| Series statement | Estates Gazette |
| Volume/sequential designation | (0403) 17 January 2004, 59-77(6) |
| 520 ## - SUMMARY, ETC. | |
| Summary, etc. | Group of articles focusing on aspects of the residential market. "Pundits square up with rival forecasts" examines the house price forecasting market and the variance of the predictions. Provides tables listing how property insiders fared with their 2003 property market predictions and what agents are predicting for 2004. "Res dev gets jolly crowded" looks at the growing trend of commercial agents moving into the residential development market following Jones Lang Lasalle and King Sturge's. positive experience. "Government gears up for major changes" looks at the huge changes to the residential estate agency industry likely in 2004 in the form of the Office of Fair Trading's report on estate agents and further preparations towards the implementation of seller's packs in 2006. |
| 590 ## - LOCAL NOTE (RLIN) | |
| Local note | ABS |
| 590 ## - LOCAL NOTE (RLIN) | |
| Local note | ABS |
| 650 ## - SUBJECT ADDED ENTRY--TOPICAL TERM | |
| Topical term or geographic name entry element | RESIDENTIAL DEVELOPMENT |
| 650 ## - SUBJECT ADDED ENTRY--TOPICAL TERM | |
| Topical term or geographic name entry element | LICENSING |
| 650 ## - SUBJECT ADDED ENTRY--TOPICAL TERM | |
| Topical term or geographic name entry element | HOME INFORMATION PACKS |
| 650 ## - SUBJECT ADDED ENTRY--TOPICAL TERM | |
| Topical term or geographic name entry element | RESIDENTIAL MARKET |
| 650 ## - SUBJECT ADDED ENTRY--TOPICAL TERM | |
| Topical term or geographic name entry element | FORECAST |
| 650 ## - SUBJECT ADDED ENTRY--TOPICAL TERM | |
| Topical term or geographic name entry element | HOUSE PRICES |
| 650 ## - SUBJECT ADDED ENTRY--TOPICAL TERM | |
| Topical term or geographic name entry element | ESTATE AGENTS |
| 650 ## - SUBJECT ADDED ENTRY--TOPICAL TERM | |
| Topical term or geographic name entry element | OMBUDSMAN FOR ESTATE AGENTS SCHEME |
| 690 ## - LOCAL SUBJECT ADDED ENTRY--TOPICAL TERM (OCLC, RLIN) | |
| Topical term or geographic name as entry element | HOUSING-MARKET |
| 942 ## - ADDED ENTRY ELEMENTS (KOHA) | |
| Suppress in OPAC | 0 |
| Withdrawn status | Lost status | Source of classification or shelving scheme | Damaged status | Not for loan | Home library | Current library | Shelving location | Date acquired | Total Checkouts | Full call number | Barcode | Date last seen | Copy number | Price effective from | Koha item type |
|---|---|---|---|---|---|---|---|---|---|---|---|---|---|---|---|
| Dewey Decimal Classification | London | London | Journal article | 03/02/2004 | ABS67434 | 124985-1001 | 06/08/2019 | 1 | 06/08/2019 | Journal article |